000 01455nam a2200361 i 4500
003 DO-SdBNP
005 20260318085322.0
007 ta
008 110301s2015 dr ao 000 0 spa d
020 _a9789945471953
040 _aDO-SdBNP
_bspa
_cBNPHU
_erda
041 1 7 _heng
082 4 _axxx
_bA334h
_222
100 _aAlberti, Herminio,
_eautor
_4aut.
_974098
245 1 0 _aHuellas de abril 50 años después = Traces of abril 50 years later /
_cHerminio Alberti ; textos, Tony Raful, Danilo de los Santos ; consultor, Juan José Ayuso ; traducción, Anadel Alberti Sahdalá
246 1 0 _aHuellas de abril cincuenta años después = Traces of abril fifty years later /
264 1 _aSanto Domingo :
_bEl arca industrial,
_c2015.
300 _a116 páginas :
_bilustraciones, fotos ;
_c31 cm.
336 _atexto
_btxt
_2rdacontent
337 _asin mediación
_bn
_2rdamedia
338 _avolumen
_bn
_2rdacarrier
500 _aIncluye datos biográficos del autor en la paginas 112 y 113.
500 _aLibro en español e ingles.
500 _aLibro de pasta dura.
504 _aBibliografía : páginas 114 y 115
590 _aInventariado, 2022/ YL
700 1 _aRaful, Tony,
_d1951-
_eautor
_4aut.
_91377
700 1 _aSantos, Danilo de los,
_d1943-2018
_4aut.
_eautor
_910278
700 1 _aAyuso, Juan José,
_econsultor
_914332
700 1 _aAlberti Sahdalá, Anadel,
_etraductor
_982883
_4tr.
910 _aYLockward
942 _2ddc
_cLBS1
999 _c53012
_d53012